Ceny zemědělských pozemků. Tržní ocenění a stanovení základny pro daň dědickou, darovací a daň z převodu nemovitostí.
Pretrvávajúce problémy s cenami poľnohospodárskych pozemkov v dôsledku nedostatočnej koncepcie v poľnohospodárstve. Cena pozemku určovaná porovnávacou metódou. Indexová metóda oceňovania poľnohospodárskej pôdy. Prehľad sadzieb. Prehľad právnych noriem a zákonov.
Gespeichert in:
| 1. Verfasser: | |
|---|---|
| Format: | Buchkapitel |
| Sprache: | Tschechisch |
| Schlagworte: | |
| Tags: |
Keine Tags, Fügen Sie das erste Tag hinzu!
|
MARC
| LEADER | 00000naa a2200000 4500 | ||
|---|---|---|---|
| 001 | r012510 | ||
| 005 | 20220826094842.9 | ||
| 041 | 0 | |a cze | |
| 044 | |a CZ | ||
| 245 | 1 | 0 | |a Ceny zemědělských pozemků. |b Tržní ocenění a stanovení základny pro daň dědickou, darovací a daň z převodu nemovitostí. |c J. Kokoška |
| 520 | |a Pretrvávajúce problémy s cenami poľnohospodárskych pozemkov v dôsledku nedostatočnej koncepcie v poľnohospodárstve. Cena pozemku určovaná porovnávacou metódou. Indexová metóda oceňovania poľnohospodárskej pôdy. Prehľad sadzieb. Prehľad právnych noriem a zákonov. | ||
| 610 | 2 | 0 | |a pozemky |
| 610 | 2 | 0 | |a poľnohospodárstvo |
| 610 | 2 | 0 | |a oceňovanie |
| 610 | 2 | 0 | |a ceny |
| 610 | 2 | 0 | |a Čechy |
| 610 | 2 | 0 | |a predpisy právne |
| 610 | 2 | 0 | |a dane |
| 100 | 1 | |a Kokoška, J. | |